02643cam a22003734a 45000010009000000050017000090080041000260100017000670150019000840160018001030200031001210200038001520350024001900350021002140400058002350420008002930430021003010500026003220820022003482450132003702600048005023000027005505040051005775051179006286510053018076510053018607000032019137000033019457000031019788560082020099420012020919990017021039520149021201502080920161101153342.0070924s2008 nyu b 001 0 eng c a 2007039504 aGBA8550542bnb7 a0145846292Uk a9780801446399 (alk. paper) a9780801474002 (pbk. : alk. paper) a(OCoLC)ocn173509359 a(OCoLC)173509359 aNIC/DLCcDLCdBTCTAdBAKERdYDXCPdC#PdUKMdCOOdDLC apcc an-us---ae------00aD2025.5.U64bE53 200800222a327.4073bEND04aThe End of the West? :bCrisis and Change in the Atlantic Order /cEdited by Jeffrey Anderson, G. John Ikenberry, Thomas Risse. aIthaca :bCornell University Press,cc2008. aviii, 298 p. ;c24 cm. aIncludes bibliographical references and index.0 aExplaining crisis and change in transatlantic relations : an introduction / G. John Ikenberry -- Inevitable decline versus predestined stability : disciplinary explanations of the evolving transatlantic order / Gunther Hellmann -- The ghost of crises past : the troubled alliance in historical perspective / William I. Hitchcock -- Iraq and previous transatlantic crises : divided by threat, not institutions or values / Henry R. Nau -- The Atlantic order in transition : the nature of change in U.S.-European relations / Charles A. Kupchan -- Trade is no superglue : the changing political economy of transatlantic relations / Jens van Scherpenberg -- The ties that bind? : U.S.-EU economic relations and the institutionalization of the transatlantic alliance / Kathleen R. McNamara -- Crisis, what crisis? : transatlantic differences and the foundations of international law / Michael Byers -- The sovereign foundations of transatlantic crisis in the post-9/11 era / Jeffrey Anderson -- Passions within reason / John A. Hall -- American exceptionalism or western civilization? / Dieter Fuchs and Hans-Dieter Klingemann -- The end of the West? : conclusions / Thomas Risse. 0aEuropexForeign relationszUnited States.912570 0aUnited StatesxForeign relationszEurope.9125711 aAnderson, Jeffrey J.9125721 aRisse-Kappen, Thomas.9125741 912573aIkenberry, G. John.413Table of contents onlyuhttp://www.loc.gov/catdir/toc/ecip081/2007039504.html 2ddccBB c13654d13654 00102ddc40708IqraaaMAINbMAINc1STd2010-03-14epurchaseg210.00h1985l5m40o327.4073 ENDp000019731r2025-07-15 00:00:00s2015-12-09yBB